|
|
|
|
| LEADER |
00000nab a2200000 a 4500 |
| 001 |
vtls000779368 |
| 003 |
SK-MaSNL |
| 005 |
20260304124608.0 |
| 008 |
250429c2001 xo 0 slo |
| 015 |
|
|
|a SNBRB2002/02-03649
|
| 035 |
|
|
|a CLN000131134
|
| 035 |
|
|
|a urn:nbn:sk:snk-ab6z5e
|
| 035 |
|
|
|a (uuid)716a3ea4-1230-4ba4-a781-cae8aa4c4a8f
|
| 035 |
|
|
|a (urnnbn)urn:nbn:sk:snk:ar-a06c4z
|
| 035 |
|
|
|a (sysno)vtls000779368
|
| 040 |
|
|
|a SNKBUCL
|b slo
|c SNKBUCL
|e AACR2
|
| 041 |
0 |
|
|a eng
|
| 044 |
|
|
|a xo
|c SK
|
| 080 |
|
|
|a 616.36-006:546.222
|2 1997
|
| 100 |
1 |
|
|a Iciek, M.B.
|4 aut
|9 1435883
|
| 245 |
1 |
0 |
|a Effects of diallyl disulfide and other donors of sulfane sulfur on the proliferation of human hepatoma cell line (HepG2)
|c M.B. Iciek, H.B. Rokita, L.B. Wlodek
|
| 300 |
|
|
|b Graf, obr.
|
| 504 |
|
|
|a Res. angl.
|
| 504 |
|
|
|a Bibliogr. odkazy
|
| 650 |
0 |
7 |
|a hepatóm
|2 snkbucl
|9 150837
|
| 650 |
0 |
7 |
|a disulfidy
|2 snkbucl
|9 50249
|
| 650 |
0 |
7 |
|a adenómy
|2 snkbucl
|9 29061
|
| 650 |
0 |
7 |
|a tymidín
|2 snkbucl
|9 1435884
|
| 650 |
0 |
7 |
|a cesnak
|2 snkbucl
|9 2713
|
| 650 |
0 |
7 |
|a adenóm pečeňových buniek
|2 snkbucl
|9 1435885
|
| 650 |
0 |
7 |
|a bunky nádorové kultivované
|2 snkbucl
|9 843216
|
| 655 |
|
7 |
|a články z novín a časopisov
|2 snkbucl
|9 267496
|
| 700 |
1 |
|
|a Rokita, H.B.
|4 aut
|9 1435886
|
| 700 |
1 |
|
|a Wlodek, L.B.
|4 aut
|9 1435887
|
| 773 |
0 |
|
|t Neoplasma
|g Roč. 48, č. 4 (2001), s. 307-312
|x 0028-2685
|
| 850 |
|
|
|a Slovenská národná knižnica
|
| 852 |
|
|
|a Slovenská národná knižnica
|
| 958 |
|
|
|a article27
|
| 958 |
|
|
|a NB
|
| 958 |
|
|
|a MI
|
| 958 |
|
|
|a OND
|
| 958 |
|
|
|a EUIPO
|
| 992 |
|
|
|a RBX
|
| 999 |
|
|
|c 2891721
|d 2893651
|